Greek Heroes - Statistics

General Stats
  • This quiz has been taken 36 times
  • The average score is 4 of 9
Answer Stats
Hint Answer % Correct
Most successful soldier in the Trojan war/invulnerable except for heel Achilles
93%
Superhuman strength Hercules
69%
Slayer of the gorgon Medusa Perseus
62%
Slayer of the Minotaur Theseus
45%
Talented music player Orpheus
38%
Hero of Trey and Rome Aeneas
24%
Slayer of Belleros Bellerophon
14%
Author of the Cretan constitution Minos
14%
Patrons of travelers Dioscuri
0%
No matching quizzes found
Score Distribution
Percent of People with Each Score
Percentile by Number Answered
Your Score History
You have not taken this quiz